Oscar Animated Feature Nominations by Year with Exceptions - Statistics

General Stats
  • This quiz has been taken 24 times
  • The average score is 12 of 24
Answer Stats
Year Films # % Correct
2001 Jimmy Neutron: Boy Genius | Shrek 2
89%
2024 Flow | Memoir of a Snail | Wallace & Gromit: Vengeance Most Fowl | The Wild Robot 4
84%
2023 The Boy and the Heron | Nimona | Robot Dreams | Spider-Man: Across the Spider-Verse 4
84%
2018 Isle of Dogs | Mirai | Spider-Man: Into the Spider-Verse 3
79%
2011 A Cat in Paris | Chico and Rita | Kung Fu Panda 2 | Puss in Boots | Rango 5
68%
2002 Ice Age | Spirit: Stallion of the Cimarron | Spirited Away 3
63%
2004 Shark Tale | Shrek 2 2
63%
2009 Coraline | Fantastic Mr. Fox | The Secret of Kells 3
58%
2005 Corpse Bride | Howl's Moving Castle | Wallace & Gromit: The Curse of the Were-Rabbit 3
58%
2010 How to Train Your Dragon | The Illusionist 2
58%
2008 Kung Fu Panda 1
53%
2022 Guillermo del Toro's Pinocchio | Marcel the Shell with Shoes On | Puss in Boots: The Last Wish | The Sea Beast 4
47%
2013 The Croods | Despicable Me 2 | Ernest & Celestine | The Wind Rises 4
47%
2006 Happy Feet | Monster House 2
42%
2014 The Boxtrolls | How to Train Your Dragon 2 | Song of the Sea | The Tale of the Princess Kaguya 4
42%
2017 The Boss Baby | The Breadwinner | Ferdinand | Loving Vincent 4
37%
2019 How to Train Your Dragon: The Hidden World | I Lost My Body | Klaus | Missing Link 4
26%
2016 Kubo and the Two Strings | My Life as a Courgette | The Red Turtle 3
26%
2020 Over the Moon | A Shaun the Sheep Movie: Farmageddon | Wolfwalkers 3
26%
2003 The Triplets of Belleville 1
26%
2015 Anomalisa | Boy and the World | Shaun the Sheep Movie | When Marnie Was There 4
21%
2021 Flee | The Mitchells vs. the Machines 2
21%
2007 Persepolis | Surf's Up 2
21%
2012 ParaNorman | The Pirates! In an Adventure with Scientists! 2
16%
No matching quizzes found
Score Distribution
Percent of People with Each Score
Percentile by Number Answered
Your Score History
You have not taken this quiz